[Event "Val Thorens op"]
[Site "Val Thorens"]
[Date "2009.??.??"]
[Round "6"]
[White "Delpierre, Lin"]
[Black "Mikulas, Robert"]
[Result "1-0"]
[WhiteElo "1759"]
[BlackElo "1513"]
[PlyCount "45"]
[EventDate "2009.07.18"]
[EventType "swiss"]
[EventRounds "9"]
[EventCountry "FRA"]
[SourceTitle "CBM 131 Extra"]
[Source "ChessBase"]
[SourceDate "2009.09.03"]
[SourceVersion "2"]
[SourceVersionDate "2009.09.16"]
[SourceQuality "1"]

1. Nf3 d5 2. g3 c5 3. Bg2 Nc6 4. 0-0 e5 5. d3 f6 6. Nbd2 Bd6 7. e4 d4 8. c3 Be6 9. Nh4 Qd7 10. Nc4 Bc7 11. f4 exf4 12. Qh5+ Bf7 13. Qxc5 fxg3 14. Nf5 Bxc4 15. dxc4 dxc3 16. Kh1 Bb6 17. Nd6+ Kf8 18. Qa3 Nge7 19. c5 Bc7 20. Rxf6+ gxf6 21. Bh6+ Kg8 22. Qb3+ Nd5 23. Qxd5+ 1-0

[Event "Besancon op"]
[Site "Besancon"]
[Date "2008.12.29"]
[Round "4"]
[White "Delpierre, Lin"]
[Black "Jonet, Gilbert"]
[Result "1-0"]
[WhiteElo "1799"]
[BlackElo "1596"]
[PlyCount "97"]
[EventDate "2008.12.26"]
[EventType "swiss"]
[EventRounds "7"]
[EventCountry "FRA"]
[SourceTitle "CBM 128 Extra"]
[Source "ChessBase"]
[SourceDate "2009.03.05"]
[SourceVersion "2"]
[SourceVersionDate "2009.03.25"]
[SourceQuality "1"]

1. Nf3 d5 2. g3 Nf6 3. Bg2 e6 4. d4 Nc6 5. c3 Bd6 6. b3 a5 7. Ba3 b5 8. Bxd6 Qxd6 9. Nbd2 0-0 10. 0-0 Ba6 11. Re1 Rab8 12. e4 dxe4 13. Ng5 Bb7 14. Ngxe4 Nxe4 15. Nxe4 Qe7 16. Nc5 Nd8 17. Be4 Bxe4 18. Nxe4 Nb7 19. Qh5 Rbd8 20. Qxb5 Nd6 21. Qxa5 Nxe4 22. Rxe4 Rd5 23. Qa6 Rfd8 24. Qe2 c5 25. Rd1 Qa7 26. Rd2 Qa5 27. Qc4 Qa3 28. Rde2 Qc1+ 29. Re1 Qg5 30. Rd1 Qg6 31. Rde1 Qf5 32. b4 cxb4 33. cxb4 Qf6 34. Rc1 Qf5 35. Qe2 Qg5 36. Qe3 Qf6 37. Rf4 Qe7 38. Rc5 R5d6 39. Qc3 f6 40. Rc7 R6d7 41. Rxd7 Qxd7 42. Re4 Qd5 43. Re2 e5 44. dxe5 fxe5 45. Qxe5 Qd1+ 46. Re1 Qg4 47. Qe6+ Qxe6 48. Rxe6 Rd3 49. Re3 1-0

[Event "Besancon op"]
[Site "Besancon"]
[Date "2008.12.28"]
[Round "2"]
[White "Delpierre, Lin"]
[Black "Naudier, Serge"]
[Result "0-1"]
[WhiteElo "1799"]
[BlackElo "2234"]
[PlyCount "84"]
[EventDate "2008.12.26"]
[EventType "swiss"]
[EventRounds "7"]
[EventCountry "FRA"]
[SourceTitle "CBM 128 Extra"]
[Source "ChessBase"]
[SourceDate "2009.03.05"]
[SourceVersion "2"]
[SourceVersionDate "2009.03.25"]
[SourceQuality "1"]

1. Nf3 Nf6 2. g3 d5 3. Bg2 e6 4. d3 c5 5. c4 Nc6 6. 0-0 Be7 7. b3 0-0 8. Bb2 Re8 9. e3 Bf8 10. d4 Rb8 11. Nbd2 b6 12. Ne5 Bb7 13. Nxc6 Bxc6 14. a4 Bd6 15. Nf3 dxc4 16. bxc4 Be4 17. Nd2 Bxg2 18. Kxg2 Qc8 19. Qf3 cxd4 20. exd4 Bb4 21. Bc3 Bxc3 22. Qxc3 Qc6+ 23. Qf3 Qd6 24. Nb3 e5 25. Rfd1 Qb4 26. dxe5 Rxe5 27. Rd4 Qe7 28. a5 Qc7 29. axb6 axb6 30. Ra8 Rxa8 31. Qxa8+ Re8 32. Qf3 h6 33. Qd1 h5 34. h3 Re5 35. Rd8+ Kh7 36. Qd6 Qb7+ 37. Kh2 Re1 38. Qd3+ g6 39. f3 Qe7 40. Nd2 Rd1 41. Kg2 Qe1 42. Qf1 Rxd2+ 0-1